Sakarya ve deprem (Record no. 5763)

MARC details
000 -BAŞLIK
Sabit Uzunlukta Kontrol Alanı 00798na a2200253 4500
001 - KONTROL NUMARASI
Denetim Alanı 20471
003 - KONTROL NUMARASI IDENTIFIER
Denetim Alanı MIRAKIL
005 - SON İŞLEM TARİHİ VE ZAMANI
Denetim Alanı 20181213155046.0
008 - SABİT-BOY VERİ ELEMANLARI - GENEL BİLGİLER
Sabit Uzunlukta Kontrol Alanı 170120b tu 000 0
040 ## - KATALOGLAMA KAYNAK
Orijinal Kataloglama Ajansı Milas
Kataloglama Dili tur
Metne Dönüştürmek Ajansı TR-AnCHP
041 ## - DİL KODU
Metin / Ses Parça Veya Ayrı Başlığın Dil Kodu tur
082 ## - DEWEY ONLU SINIFLANDIRMA NUMARASI
Sınıflandırma Numarası 551.22056225
Ürün Numarası E66s 2000
090 ## - SINIFLAMA NUMARASI
Sınıflama Numarası 551.22056225 E66s 2000
100 ## - ANA GİRİŞ - KİŞİSEL İSİM
Kişisel Ad Eroğlu, Türker
245 ## - BAŞLIK TABLOSU
Başlık Sakarya ve deprem
Sorumluluk Tablosu, Vb Türker Eroğlu, Vahap Tecim; editör Türker Eroğlu
260 ## - YAYIN, DAĞITIM, VB
Yayın, Dağıtım, Vb Yeri Sakarya
Yayıncı, Dağıtıcı, Vs Adı Sakarya Valiliği
Yayın, Dağıtım, Vb Tarihi 2000
300 ## - FİZİKSEL TANIM
Kapsam 163 s.
Diğer Fiziksel Ayrıntıları res.; tbl.; grf.; hrt.
Boyutlar 27 sm.
504 ## - KAYNAKÇA VB NOT
Kaynakça Vb Notu Kaynakça var.
650 ## - KONU KATMA GİRİŞ - TOPİKAL DÖNEM
Topikal Süreli Veya Coğrafi Ad Giriş Elemanı Deprem bölgeleri
Genel Alt Bölümü Araştırma ve inceleme
Coğrafi Alt Bölümü Türkiye
650 ## - KONU KATMA GİRİŞ - TOPİKAL DÖNEM
Topikal Süreli Veya Coğrafi Ad Giriş Elemanı Sismoloji
Genel Alt Bölümü Bölgesel analizler
Coğrafi Alt Bölümü Sakarya
650 ## - KONU KATMA GİRİŞ - TOPİKAL DÖNEM
Topikal Süreli Veya Coğrafi Ad Giriş Elemanı Deprem
Genel Alt Bölümü Bölgesel analizler
Coğrafi Alt Bölümü Sakarya
700 ## - KATMA GİRİŞ - KİŞİSEL İSİM
Kişisel Ad Tecim, Vahap
942 ## - EKLENDİ GİRİŞ ELEMANLARI (KOHA)
Sınıflandırma Veya Raf Düzeni Kaynak Dewey Decimal Classification
Koha Öğesi Türü Books
999 ## - SİSTEM KONTROL NUMARALARI (KOHA)
Koha Biblionumber 5763
Koha Biblioitemnumber 5763
Holdings
Kalıcı Konum Mevcut Konum Edinme Tarihi Edinim Kaynak Toplam Check-Out'Lar Tam Çağrı Numarası Barkod Tarih Son Görülme İtibaren Geçerli Fiyatlar Koha Öğesi Türü
CHP Kütüphanesi CHP Kütüphanesi 01/20/2017 Bağış   551.22056225 E66s 2000 012573 01/20/2017 01/20/2017 Books